Statistics for Name The Animal

Click here to take the quiz!

General Stats

  • This quiz has been taken 44 times
  • The average score is 12 of 15

Answer Stats

Answer% Correct
Cow
100%
Fox
100%
Horse
100%
Llama
97%
Spiders
97%
Orca
94%
Panther
91%
Mule
86%
Viper
86%
Swordfish
77%
Wolve
69%
Red Panda
60%
Ape
57%
Wild Dog
54%
Kid
14%

Score Distribution

Percentile by Number Answered

Percent of People with Each Score

Your Score History

You have not taken this quiz